Política investigadora de la época de Carlos III en el área maya (Record no. 10915)

MARC details
000 -LEADER
campo de control de longitud fija 01094nam a22002655i 4500
001 - NÚMERO DE CONTROL
campo de control 10915
003 - IDENTIFICADOR DE NÚMERO DE CONTROL
campo de control ES-MaACL
005 - FECHA Y HORA DE LA ÚLTIMA TRANSACCIÓN
campo de control 20250809180754.0
007 - CAMPO FIJO DE DESCRIPCIÓN FÍSICA--INFORMACIÓN GENERAL
campo de control de longitud fija t|
008 - DATOS DE LONGITUD FIJA--INFORMACIÓN GENERAL
campo de control de longitud fija 940913s1992 sp ||||0| spa j
020 ## - NÚMERO INTERNACIONAL ESTÁNDAR DEL LIBRO
Número Internacional Estándar del Libro 84-7960-010-1
040 ## - FUENTE DE CATALOGACIÓN
Centro catalogador/agencia de origen M-BN
Lengua de catalogación spa
Centro/agencia transcriptor M-BN
080 ## - NÚMERO DE LA CLASIFICACIÓN DECIMAL UNIVERSAL
Número de la Clasificación Decimal Universal 904(727.4 Palenque)"17"
245 00 - MENCIÓN DEL TÍTULO
Título Política investigadora de la época de Carlos III en el área maya
Resto del título : descubrimiento de Palenque y primeras excavaciones de carácter científico según documentación de: Calderón, Bernasconi, Del Río y otros /
Mención de responsabilidad, etc. edición comentada de Paz Cabello Carro.
250 ## - MENCION DE EDICION
Mención de edición 1ª ed.
260 ## - PUBLICACIÓN, DISTRIBUCIÓN, ETC.
Lugar de publicación, distribución, etc. Madrid :
Nombre del editor, distribuidor, etc. Ediciones de la Torre,
Fecha de publicación, distribución, etc. 1992.
300 ## - DESCRIPCIÓN FÍSICA
Extensión 158 p., [48] p. de lám ;
Dimensiones 22 cm.
490 1# - MENCIÓN DE SERIE
Mención de serie Colección Nuestro mundo ;
Designación de volumen o secuencia 21.
Mención de serie Serie Arte y Cultura
650 14 - PUNTO DE ACCESO ADICIONAL DE MATERIA--TÉRMINO DE MATERIA
Término de materia o nombre geográfico como elemento de entrada Excavaciones arqueológicas-
Subdivisión geográfica Palenque
9 (RLIN) 12643
651 #4 - PUNTO DE ACCESO ADICIONAL DE MATERIA--NOMBRE GEOGRÁFICO
Nombre geográfico Palenque-
Subdivisión general Restos arqueológicos.
9 (RLIN) 9193
700 1# - ENTRADA AGREGADA--NOMBRE PERSONAL
Nombre de persona Cabello Carro, Paz.
9 (RLIN) 33173
830 0# - PUNTO DE ACCESO ADICIONAL DE SERIE-TÍTULO UNIFORME
Título uniforme Colección Nuestro mundo ;
Designación de volumen o secuencia 21.
Título uniforme Serie Arte y Cultura
9 (RLIN) 179234
852 ## - LOCALIZACIÓN
Ubicación ES-MaACL
Número de control de estantería L-18233
Sublocalización o colección R.121911
Holdings
Estatus retirado Estado de pérdida Estado de daño No para préstamo Biblioteca de origen Biblioteca actual Ubicación en estantería Fecha de adquisición Fuente de adquisición Total de préstamos Signatura topográfica completa Código de barras Visto por última vez Precio de reemplazo Tipo de ítem Koha
        Biblioteca del Ateneo de Madrid Biblioteca del Ateneo de Madrid Depósito 2 17/01/2008     L-18233 1011133 23/02/2023 23/02/2023 Libro impreso